00398nam a2200133Ia 4500003000400000008004100004020002400045040000800069100002400077245010000101260003600201300001500237365001200252LDD181029s9999 xx 000 0 und d a1903153204cP 80.00 cLDD aTyler, Elizabeth M. 0aOld english poeticsbthe aesthetics of the familiar in anglo- saxon EnglandcElizabeth M. Tyler aYork Medieval PressbYorkc2006 axvi, 194p. bP 80.00